000 00743nam a2200217 4500
001 175738
003 ES-MaACL
005 20230906215918.0
008 101118s2008 sp |||| | glg
020 _a978-84-92590-31-5
080 _a821.134.4-14"20"
100 1 _aNegro, Carlos.
_9144027
245 1 0 _aCultivos transxénicos /
_cCarlos Negro.
260 _aGondomar [Pontevedra] :
_bInstituto de Estudos Miñoranos :
_bEntidade Local de Morgadáns-Gondomar,
_c[2008]
300 _a58 p. ;
_c20 cm.
586 _aI Certame de Poesía Victoriano Taibo, 2008
594 _aTít. tomado de la cub.
650 4 _aPoesías gallegas-
_yS.XXI.
_9144025
710 2 _aInstituto de Estudos Miñoranos.
_9147854
852 _aES-MaACL
_j2265-F-12
999 _c175738
_d175738